[Event "Wch U16 Girls"]
[White "Djidjeli, Sarah"]
[Black "Sabiani, Chjara"]
[Site "Porto Carras"]
[Round "9.29"]
[Result "1-0"]
[Date "2018.10.28"]
[WhiteElo "1952"]
[BlackElo "1778"]
[PlyCount "61"]
[EventDate "2018.10.20"]
[EventType "swiss"]
[EventRounds "11"]
[EventCountry "GRE"]
[SourceTitle "CBM 187 Extra"]
[Source "ChessBase"]
[SourceDate "2018.11.04"]
[SourceVersion "1"]
[SourceVersionDate "2018.11.04"]
[SourceQuality "1"]

1. e4 c5 2. Nf3 Nc6 3. Bb5 d6 4. 0-0 g6 5. Re1 Bg7 6. c3 e5 7. d4 Bd7 8. Be3 Qe7 9. dxc5 dxc5 10. Qd5 Nf6 11. Qxc5 Nxe4 12. Qd5 f5 13. Nbd2 Nf6 14. Qc4 Ng4 15. Bc5 Qf7 16. h3 Nh6 17. Qa4 Qd5 18. b4 Nb8 19. Rad1 Bxb5 20. Qxb5+ Qc6 21. Qe2 Nd7 22. Nc4 0-0-0 23. Be7 Rde8 24. Nd6+ Kb8 25. Nxe8 Rxe8 26. b5 Qe6 27. Bb4 Nf7 28. Nd4 Qb6 29. Nc6+ Kc8 30. Qc4 Nd8 31. Ne7+ 1-0

[Event "Wch U16 Girls"]
[White "Schulze, Lara"]
[Black "Sabiani, Chjara"]
[Site "Porto Carras"]
[Round "1"]
[Result "1-0"]
[Date "2018.10.20"]
[WhiteElo "2122"]
[BlackElo "1778"]
[PlyCount "119"]
[EventDate "2018.10.20"]
[EventType "swiss"]
[EventRounds "11"]
[EventCountry "GRE"]
[SourceTitle "CBM 187 Extra"]
[Source "ChessBase"]
[SourceDate "2018.11.04"]
[SourceVersion "1"]
[SourceVersionDate "2018.11.04"]
[SourceQuality "1"]

1. e4 c5 2. Nf3 Nc6 3. d4 cxd4 4. Nxd4 e5 5. Nb5 d6 6. N1c3 a6 7. Na3 b5 8. Nd5 Nf6 9. Bg5 Be7 10. Bxf6 Bxf6 11. c4 b4 12. Nc2 0-0 13. g3 Bg5 14. Bg2 Qa5 15. 0-0 Qc5 16. Qd3 a5 17. Rad1 Bg4 18. Rde1 f5 19. Nde3 Bxe3 20. Nxe3 Nd4 21. Nxf5 Bxf5 22. exf5 Ra7 23. Bd5+ Kh8 24. g4 Rf6 25. Kh1 Re7 26. f4 Nc6 27. Bxc6 Qxc6+ 28. Qd5 Qxd5+ 29. cxd5 e4 30. Re3 Kg8 31. Rc1 h5 32. h3 hxg4 33. hxg4 g6 34. Rc8+ Kg7 35. Rh3 gxf5 36. Rch8 Rff7 37. R8h5 Kg8 38. Rh8+ Kg7 39. g5 Rc7 40. R3h7+ Kg6 41. Rh6+ Kg7 42. R8h7+ Kg8 43. Rxf7 Rxf7 44. Rxd6 Rh7+ 45. Rh6 Rc7 46. Rc6 Rh7+ 47. Kg2 e3 48. Rh6 Rc7 49. Kf3 b3 50. axb3 Rc2 51. Kxe3 Rxb2 52. d6 Rxb3+ 53. Kd4 Rb1 54. Ke5 Rd1 55. Ke6 a4 56. Rh3 Rd4 57. Rc3 Rxf4 58. d7 Re4+ 59. Kf6 Rd4 60. Rc8+ 1-0

[Event "EU-ch U16 Girls 28th"]
[White "Sabiani, Chjara"]
[Black "Laurincova, Kristyna"]
[Site "Riga"]
[Round "3"]
[Result "1-0"]
[Date "2018.08.22"]
[WhiteElo "1725"]
[BlackElo "1998"]
[PlyCount "45"]
[EventDate "2018.08.20"]
[EventType "swiss"]
[EventRounds "9"]
[EventCountry "LAT"]
[SourceTitle "CBM 186 Extra"]
[Source "ChessBase"]
[SourceDate "2018.08.24"]
[SourceVersion "1"]
[SourceVersionDate "2018.08.24"]
[SourceQuality "1"]

1. d4 Nf6 2. c4 c5 3. d5 b5 4. Qc2 d6 5. e4 b4 6. Nf3 g6 7. Bd3 Bg7 8. 0-0 0-0 9. h3 Bb7 10. Re1 Nfd7 11. Bf4 Qc7 12. Nbd2 a5 13. Re2 a4 14. Rae1 e5 15. dxe6 fxe6 16. Ng5 Rf6 17. e5 dxe5 18. Bxe5 Nxe5 19. Rxe5 Rxf2 20. Kxf2 Bxe5 21. Bxg6 Bg3+ 22. Kf1 Qf4+ 23. Ndf3 1-0

[Event "FRA-ch U16 "]
[White "Sabiani, Chjara"]
[Black "Djidjeli, Sarah"]
[Site "Agen"]
[Round "9"]
[Result "1/2-1/2"]
[Date "2018.04.22"]
[WhiteElo "1723"]
[BlackElo "1903"]
[PlyCount "59"]
[EventDate "2018.04.15"]
[EventType "swiss"]
[EventRounds "9"]
[EventCountry "FRA"]
[SourceTitle "EXT 2019"]
[Source "ChessBase"]
[SourceDate "2018.10.10"]
[SourceVersion "1"]
[SourceVersionDate "2018.10.10"]
[SourceQuality "1"]

1. d4 d5 2. c4 e6 3. cxd5 exd5 4. Nc3 c6 5. Qc2 Bd6 6. Nf3 Ne7 7. Bg5 f6 8. Bd2 Na6 9. a3 Bf5 10. e4 dxe4 11. Nxe4 Bxe4 12. Qxe4 Qb6 13. b4 0-0-0 14. Bc4 Kb8 15. 0-0 g5 16. Bxa6 Qxa6 17. a4 Qc4 18. Rfc1 Qd5 19. Qxd5 Nxd5 20. Rab1 Bf4 21. g3 Bc7 22. b5 cxb5 23. Rxb5 g4 24. Nh4 Ne7 25. Rcb1 b6 26. a5 Kb7 27. axb6 Bxb6 28. Bb4 Nd5 29. Bc5 Rd7 30. R5b3 1/2-1/2

[Event "FRA-ch U16 "]
[White "Gospodaru, Teodora"]
[Black "Sabiani, Chjara"]
[Site "Agen"]
[Round "6"]
[Result "0-1"]
[Date "2018.04.19"]
[WhiteElo "1784"]
[BlackElo "1723"]
[PlyCount "82"]
[EventDate "2018.04.15"]
[EventType "swiss"]
[EventRounds "9"]
[EventCountry "FRA"]
[SourceTitle "EXT 2019"]
[Source "ChessBase"]
[SourceDate "2018.10.10"]
[SourceVersion "1"]
[SourceVersionDate "2018.10.10"]
[SourceQuality "1"]

1. d4 Nf6 2. c4 g6 3. f3 Nh5 4. e4 e5 5. Be3 Bb4+ 6. Nc3 exd4 7. Bxd4 0-0 8. g4 Ng7 9. Nge2 Nc6 10. Be3 Ne5 11. Nd4 Ne6 12. Be2 b6 13. h4 Ba6 14. Ndb5 c6 15. Qa4 Be7 16. 0-0-0 Nc5 17. Bxc5 Bxc5 18. Nd4 Bxc4 19. Bxc4 b5 20. Ncxb5 cxb5 21. Qxb5 Bxd4 22. Rxd4 Nxf3 23. Rxd7 Qc8 24. Kb1 Ne5 25. Rd4 Nxc4 26. Qxc4 Qxg4 27. e5 Qf5+ 28. Re4 Rac8 29. Qe2 Rfd8 30. Rf1 Rd2 31. Rxf5 Rxe2 32. Rxe2 gxf5 33. Rf2 Rc4 34. h5 f4 35. h6 Re4 36. Kc2 Rxe5 37. Rxf4 Re6 38. Rh4 f5 39. Kd3 Kf7 40. Rh3 Kg6 41. Kd4 Kg5 0-1

[Event "FRA-ch U14 Girls"]
[White "Sabiani, Chjara"]
[Black "Labrande, Eleonore"]
[Site "Gonfreville"]
[Round "7.5"]
[Result "1-0"]
[Date "2016.04.15"]
[WhiteElo "1728"]
[BlackElo "1649"]
[PlyCount "81"]
[EventDate "2016.04.22"]
[EventType "swiss"]
[EventRounds "9"]
[EventCountry "FRA"]
[SourceTitle "EXT 2019"]
[Source "ChessBase"]
[SourceDate "2018.10.10"]
[SourceVersion "1"]
[SourceVersionDate "2018.10.10"]
[SourceQuality "1"]

1. d4 g6 2. e4 Bg7 3. Nc3 a6 4. f4 d6 5. Nf3 b5 6. a3 Nd7 7. Be3 e6 8. Bd3 Ne7 9. 0-0 0-0 10. Qe1 c5 11. e5 cxd4 12. exd6 Nc6 13. Be4 dxe3 14. Bxc6 Rb8 15. Qxe3 Nb6 16. d7 Bxd7 17. Bxd7 Qxd7 18. Rad1 Qc7 19. Nd2 Rfd8 20. Nb3 Nc4 21. Rxd8+ Rxd8 22. Qf2 Nxb2 23. Ne4 Nc4 24. g4 Nxa3 25. Qh4 Qa7+ 26. Rf2 Rd1+ 27. Kg2 Qa8 28. Kf3 Re1 29. Nbc5 f5 30. Rd2 fxe4+ 31. Kg3 Rg1+ 32. Kh3 Bf8 33. Rd7 h5 34. Qf6 hxg4+ 35. Kh4 Qe8 36. Nxe6 Rg2 37. Rg7+ Kh8 38. Rf7+ Kg8 39. Rxf8+ Qxf8 40. Qxf8+ Kh7 41. Qg7# 1-0

[Event "FRA-ch U14 Girls"]
[White "Conti, Anne Marie"]
[Black "Sabiani, Chjara"]
[Site "Gonfreville"]
[Round "6.4"]
[Result "1-0"]
[Date "2016.04.14"]
[WhiteElo "1622"]
[BlackElo "1728"]
[PlyCount "69"]
[EventDate "2016.04.22"]
[EventType "swiss"]
[EventRounds "9"]
[EventCountry "FRA"]
[SourceTitle "EXT 2019"]
[Source "ChessBase"]
[SourceDate "2018.10.10"]
[SourceVersion "1"]
[SourceVersionDate "2018.10.10"]
[SourceQuality "1"]

1. d4 Nf6 2. c4 g6 3. Nf3 Bg7 4. Nc3 0-0 5. g3 d6 6. Bg2 Nc6 7. 0-0 Bd7 8. e4 a6 9. Re1 Rb8 10. a4 Nb4 11. Qe2 c5 12. h3 cxd4 13. Nxd4 Nxe4 14. Qxe4 Bxd4 15. Nd5 Nxd5 16. Qxd4 Nf6 17. Bh6 Re8 18. Re3 Bc6 19. Bf1 e5 20. Qc3 Rc8 21. b3 Nd7 22. Rd1 Qf6 23. h4 Nc5 24. Bg5 Qf5 25. f3 f6 26. Bh6 Qh5 27. Rxd6 Nd7 28. Bh3 f5 29. Bg5 Bxf3 30. Rxf3 Nc5 31. Qe3 Ne4 32. g4 fxg4 33. Qxe4 gxh3 34. Qd5+ Kg7 35. Qf7+ 1-0

[Event "FRA-ch U14 Girls"]
[White "Sabiani, Chjara"]
[Black "Boulart, Emilie"]
[Site "Gonfreville"]
[Round "3.3"]
[Result "1-0"]
[Date "2016.04.11"]
[WhiteElo "1728"]
[BlackElo "1489"]
[PlyCount "151"]
[EventDate "2016.04.22"]
[EventType "swiss"]
[EventRounds "9"]
[EventCountry "FRA"]
[SourceTitle "EXT 2019"]
[Source "ChessBase"]
[SourceDate "2018.10.10"]
[SourceVersion "1"]
[SourceVersionDate "2018.10.10"]
[SourceQuality "1"]

1. d4 d5 2. c4 dxc4 3. Nf3 Nf6 4. e3 e6 5. Bxc4 c5 6. Qe2 Nc6 7. 0-0 cxd4 8. exd4 Be7 9. Nc3 0-0 10. Rd1 a6 11. d5 exd5 12. Nxd5 Nxd5 13. Bxd5 Qc7 14. Re1 Bf6 15. Bg5 Nd4 16. Nxd4 Bxg5 17. Nf3 Bg4 18. Qe4 Bxf3 19. Qxf3 Rab8 20. Be4 Qf4 21. Qxf4 Bxf4 22. g3 Bg5 23. Rad1 b6 24. Rd6 Rfe8 25. Kf1 Be7 26. Rd7 Bb4 27. Re2 Red8 28. Ra7 a5 29. a3 Bc5 30. Bc2 f6 31. Ke1 Re8 32. Bb3+ Kh8 33. Rd7 Rbd8 34. Kf1 Rf8 35. Rb7 Rfe8 36. Ba4 Rxe2 37. Kxe2 h6 38. Bc2 Kg8 39. Bg6 Kf8 40. h3 Kg8 41. b4 axb4 42. axb4 Bd4 43. b5 Bc5 44. Be4 Re8 45. Kf3 Rd8 46. Rc7 Bd4 47. Ke2 Bc5 48. f4 Bd4 49. Kf3 Bc5 50. g4 Bd4 51. h4 Bc5 52. g5 fxg5 53. hxg5 hxg5 54. fxg5 Kf8 55. g6 Be7 56. Rb7 Rd6 57. Rb8+ Rd8 58. Rxb6 Rd6 59. Rb8+ Bd8 60. b6 Ke7 61. b7 Rf6+ 62. Ke2 Bc7 63. Rc8 Bd6 64. b8Q Bxb8 65. Rxb8 Re6 66. Kf3 Kf6 67. Rf8+ Kg5 68. Rf7 Kh6 69. Kf4 Rf6+ 70. Rxf6 gxf6 71. Kf5 Kg7 72. Bd5 Kh8 73. Bc6 Kg7 74. Be4 Kh8 75. Kxf6 Kg8 76. Bd5+ 1-0